01298nam a2200205 a 4500008004100000020001500041050001800056100002400074245002900098246002500127260004400152350000900196995015300205995015300358995015000511999001700661952014600678952013400824952013400958120416s0000 ||||||||||||||||| || u a8120310470 aTJ 211.35 Sch aSchilling, Robert J10aFundamentals of robotics aanalysis and control aNew DelhibPrentice Hall of Indiac2000 a0.00 aMAIN LIBRARY OPEN ACCESSD0.00e732016FCBU-MAIN LIBRARY (Kitwe)H1I25.00jTJ 211.35 SchM1UAVAILABLEy029503ZMain Library Open Access Collection aMAIN LIBRARY OPEN ACCESSD0.00e732018FCBU-MAIN LIBRARY (Kitwe)H2I25.00jTJ 211.35 SchM2UAVAILABLEy029459ZMain Library Open Access Collection aMAIN LIBRARY OPEN ACCESSD0.00e732017FCBU-MAIN LIBRARY (Kitwe)H3I25.00jTJ 211.35 SchUAVAILABLEy029492ZMain Library Open Access Collection c63376d63376 00102lcc4070a001b001cMain Library Open Access Collectiond2022-12-24l5oTJ 211.35 Schp029503r2025-08-02s2025-06-04w2022-12-24y002 00102lcc4070a001b001cMain Library Open Access Collectiond2022-12-24l0oTJ 211.35 Schp029459r2022-12-24w2022-12-24y002 00102lcc4070a001b001cMain Library Open Access Collectiond2022-12-24l0oTJ 211.35 Schp029492r2022-12-24w2022-12-24y002